[Event "Cto Aragon  Equipos Pref Grupo I "]
[Site ""]
[Date "2018.03.24"]
[Round "9.42"]
[White "Rodriguez Leiva, Manuel"]
[Black "Carruez Berges, Fernando"]
[Result "1-0"]
[WhiteElo "1935"]
[BlackElo "1981"]
[PlyCount "0"]
[WhiteTeam "Jaime Casas B"]
[BlackTeam "Agrupacion C"]
[EventDate "2018.01.27"]

1. c4 g6 2. Nc3 Bg7 3. Nf3 d6 4. d4 Nd7 5. g3 e5 6. Bg2 Ne7 7. e3 Nf5 8. O-O h5
9. d5 h4 10. e4 Nd4 11. Nxd4 exd4 12. Nb5 Ne5 13. Nxd4 Bg4 14. f3 hxg3 15. fxg4
gxh2+ 16. Kh1 Qd7 17. Nf3 Nxg4 18. Ng5 Nf6 19. Qf3 Qe7 20. Bd2 Nh5 21. Qg4 Be5
22. Rf3 Nf6 23. Rxf6 Bxf6 24. Rf1 Rh5 25. Nf3 Kf8 26. Bc3 Bxc3 27. bxc3 Re8 28.
Nd4 Kg8 29. Ne6 Kh7 30. Nf4 Rh4 31. Qf3 Kg7 32. Nh3 Rf8 33. Qg3 Rfh8 34. Ng5 f6
35. Ne6+ Kf7 36. e5 dxe5 37. Qxe5 f5 38. Qg7+ Ke8 39. Qxg6+ 1-0

[Event "Cto Aragon  Equipos Pref Grupo I "]
[Site ""]
[Date "2018.03.24"]
[Round "9.43"]
[White "Serrat Claver, David"]
[Black "Salas Latorre, Jose"]
[Result "1-0"]
[WhiteElo "1910"]
[BlackElo "1769"]
[PlyCount "0"]
[WhiteTeam "Agrupacion C"]
[BlackTeam "Jaime Casas B"]
[EventDate "2018.01.27"]

1. e4 d5 2. exd5 Nf6 3. d4 Nxd5 4. Nf3 g6 5. c4 Nb6 6. a4 Bg7 7. a5 N6d7 8. Nc3
O-O 9. Be2 e5 10. Bg5 f6 11. Be3 exd4 12. Nxd4 Ne5 13. Qb3 Re8 14. Rd1 Qe7 15.
O-O c6 16. h3 Nbd7 17. Rfe1 Nc5 18. Qc2 Ne6 19. Nf3 Qc7 20. b4 Bf8 21. Qb3
Nxf3+ 22. Bxf3 Ng7 23. Bd4 Qf7 24. Ne4 Be7 25. Qc3 Rf8 26. Bc5 f5 27. Nd6 Bxd6
28. Bxd6 Rd8 29. Re7 Qf8 30. Rd7 Rxd7 31. Bxf8 Rxd1+ 32. Bxd1 Kxf8 33. Qf6+ Kg8
34. Qd8+ Kf7 35. c5 Ne6 36. Bb3 h6 37. Bxe6+ Kxe6 38. f4 1-0

[Event "Cto Aragon  Equipos Pref Grupo I "]
[Site ""]
[Date "2018.03.24"]
[Round "9.44"]
[White "Buil Rello, Jose Antonio"]
[Black "Montes Llorente, Diego"]
[Result "0-1"]
[WhiteElo "1761"]
[BlackElo "1775"]
[PlyCount "0"]
[WhiteTeam "Jaime Casas B"]
[BlackTeam "Agrupacion C"]
[EventDate "2018.01.27"]

1. e4 e5 2. Nf3 d6 3. d4 Bg4 4. d5 Ne7 5. c4 Nd7 6. Be2 Ng6 7. Be3 Be7 8. Qd2
f5 9. exf5 Bxf5 10. Nc3 Nf6 11. Ng5 h6 12. Nf3 Ne4 13. Qc1 Bf6 14. Nd2 Nxc3 15.
Qxc3 O-O 16. g4 Bd7 17. Ne4 Nf4 18. Bxf4 exf4 19. Nxf6+ Qxf6 20. Qxf6 Rxf6 21.
f3 Re8 22. Kd2 h5 23. h3 Re5 24. Rae1 Rf7 25. Bd3 Rfe7 26. Rxe5 Rxe5 27. Re1
Rxe1 28. Kxe1 Kf7 29. Ke2 Kf6 30. Be4 Ke5 31. Kd3 hxg4 32. hxg4 b5 33. Kc3 Bxg4
0-1

[Event "Cto Aragon  Equipos Pref Grupo I "]
[Site ""]
[Date "2018.03.24"]
[Round "9.45"]
[White "Correas Marcen, Jose Maria"]
[Black "Vallverdu Miret, Oscar"]
[Result "1/2-1/2"]
[WhiteElo "1946"]
[BlackElo "2082"]
[PlyCount "0"]
[WhiteTeam "El Olivar C"]
[BlackTeam "Fraga"]
[EventDate "2018.01.27"]

1. Nf3 d5 2. g3 Bf5 3. Bg2 e6 4. O-O c6 5. d3 Nf6 6. Nbd2 Be7 7. Re1 h6 8. b3
O-O 9. Bb2 a5 10. e4 Bh7 11. Qe2 a4 12. a3 axb3 13. cxb3 Na6 14. e5 Nd7 15. d4
c5 16. Qe3 cxd4 17. Bxd4 Bc5 18. b4 Be7 19. Rec1 Qb8 20. Nb3 Nc7 21. Bf1 f6 22.
exf6 Bxf6 23. Ne5 Qd8 24. Nxd7 Qxd7 25. Bxf6 Rxf6 26. Qe5 Ne8 27. Nc5 Qf7 28.
Bh3 Bf5 29. Bxf5 Rxf5 30. Qxe6 Rxf2 31. Qxf7+ Rxf7 32. Rd1 1/2-1/2

[Event "Cto Aragon  Equipos Pref Grupo I "]
[Site ""]
[Date "2018.03.24"]
[Round "9.46"]
[White "Aribau Rivas, Miguel Angel"]
[Black "Sarto Ramos, Angel"]
[Result "1-0"]
[WhiteElo "2029"]
[BlackElo "1937"]
[PlyCount "0"]
[WhiteTeam "Fraga"]
[BlackTeam "El Olivar C"]
[EventDate "2018.01.27"]

1. e4 g6 2. d4 c6 3. c4 d5 4. exd5 cxd5 5. cxd5 Nf6 6. Bc4 Nbd7 7. Nc3 Nb6 8.
Bb3 Nbxd5 9. Nge2 Bg7 10. O-O O-O 11. Re1 Re8 12. Nf4 Nxc3 13. bxc3 Qc7 14. Bd2
Bf5 15. Qf3 Rad8 16. Nd5 Nxd5 17. Bxd5 e5 18. Bg5 Rb8 19. Rac1 exd4 20. Bf4 Be5
21. Rxe5 Rxe5 22. g4 Qd6 23. Bxe5 Qxe5 24. gxf5 Rd8 25. c4 b5 26. fxg6 Qg5+ 27.
Qg3 Qxc1+ 28. Kg2 Rxd5 29. gxf7+ Kxf7 30. cxd5 Qd1 31. Qf4+ Ke7 32. Qe5+ Kd8
33. Qd6+ Kc8 34. Qc5+ Kb8 35. Qxb5+ Ka8 36. Qe8+ Kb7 37. Qd7+ Ka6 38. Qe6+ Ka5
39. d6 Qh5 40. d7 Qg5+ 41. Kf3 Qh5+ 42. Ke4 Qh4+ 43. Ke5 Qxh2+ 44. Kd5 d3 1-0

[Event "Cto Aragon  Equipos Pref Grupo I "]
[Site ""]
[Date "2018.03.24"]
[Round "9.47"]
[White "Labrador Postigo, Francisco M."]
[Black "Chine Infantes, Miguel Angel"]
[Result "1-0"]
[WhiteElo "1901"]
[BlackElo "1768"]
[PlyCount "0"]
[WhiteTeam "El Olivar C"]
[BlackTeam "Fraga"]
[EventDate "2018.01.27"]

1. d4 b6 2. Bf4 Bb7 3. e3 e6 4. Nf3 Nf6 5. h3 h6 6. Nbd2 Be7 7. Bd3 d6 8. Qe2
Nd5 9. c3 Nxf4 10. exf4 Nd7 11. O-O Nf6 12. f5 exf5 13. Bxf5 O-O 14. c4 Re8 15.
Bc2 Nh7 16. Qd3 g6 17. d5 Bf6 18. Nd4 Bxd4 19. Qxd4 Qf6 20. Nf3 Bc8 21. Ba4
Qxd4 22. Nxd4 Re4 23. Rad1 Nf6 24. f3 Re7 25. Rfe1 Rxe1+ 26. Rxe1 Kf8 27. Bc6
Rb8 28. Nb5 Ba6 29. a4 Nh5 30. b3 Bxb5 31. axb5 Nf4 32. Ra1 Ne2+ 33. Kf2 Nd4
34. Rxa7 Nxc6 35. bxc6 Rc8 36. Ke3 Ke7 37. Kd4 f6 38. Kc3 f5 39. Kb4 f4 40. Kb5
Kd8 41. Ra2 g5 42. Re2 Ra8 43. Re6 Ra2 44. Rxh6 Rxg2 45. Ka6 Rg3 46. Kb7 Rxf3
47. Rh8+ Ke7 48. Kxc7 Rxb3 49. Rh7+ Kf6 50. Kxd6 Rc3 51. c7 Rxc4 52. Kd7 f3 53.
Rh6+ Ke5 54. d6 f2 55. Re6+ Kf5 56. Re8 Rf4 57. c8=Q f1=Q 58. Kc6+ Kg6 59. Re6+
Kg7 60. Re7+ Rf7 61. Rxf7+ Kxf7 62. Qd7+ Kg6 63. Qe6+ Kh5 64. d7 Qc1+ 65. Kxb6
Qb2+ 66. Kc7 Qc3+ 67. Kd8 Qd4 68. Ke8 Qb4 69. Kf7 Qb7 70. Kg8 Qc7 71. Qe8+ Kh6
72. Qf7 1-0

[Event "Cto Aragon  Equipos Pref Grupo I "]
[Site ""]
[Date "2018.03.24"]
[Round "9.48"]
[White "Agustin De Dios, Adrian"]
[Black "De La Riva Fernandez, Eduardo"]
[Result "0-1"]
[WhiteElo "1707"]
[BlackElo "1825"]
[PlyCount "0"]
[WhiteTeam "Fraga"]
[BlackTeam "El Olivar C"]
[EventDate "2018.01.27"]

1. e4 e6 2. d4 d5 3. Nd2 Nf6 4. e5 Nfd7 5. Bd3 c5 6. c3 Nc6 7. Ne2 cxd4 8. cxd4
Qb6 9. Nf3 f6 10. exf6 Nxf6 11. O-O Bd6 12. a3 O-O 13. b4 e5 14. dxe5 Nxe5 15.
Nxe5 Bxe5 16. Be3 Qd8 17. Bc5 Rf7 18. Ra2 Be6 19. Bd4 Bd6 20. Ng3 Qd7 21. Re2
Bxg3 22. fxg3 Bg4 23. Bxh7+ Nxh7 24. Rxf7 Qxf7 25. Qd2 Bxe2 26. Qxe2 Re8 27.
Qd2 Qe6 28. Kf1 Nf6 29. Bxf6 Qxf6+ 0-1

[Event "Cto Aragon  Equipos Pref Grupo I "]
[Site ""]
[Date "2018.03.24"]
[Round "9.49"]
[White "Accattato Martin, Mario"]
[Black "Malo Guillen, Jose Luis"]
[Result "1/2-1/2"]
[WhiteElo "2224"]
[BlackElo "2113"]
[PlyCount "0"]
[WhiteTeam "Monsalud-Soluzion"]
[BlackTeam "Las Fuentes"]
[EventDate "2018.01.27"]

1. e4 e5 2. Nf3 Nc6 3. d3 Nf6 4. Be2 Bc5 5. O-O d6 6. c3 a5 7. b3 h6 8. a3 O-O
9. Bb2 Ba7 10. Nbd2 Re8 11. Qc2 Ne7 12. Nc4 c6 13. b4 axb4 14. axb4 Ng6 15. Ra3
b5 16. Rfa1 bxc4 17. Rxa7 Rxa7 18. Rxa7 Qb6 19. Ra1 cxd3 20. Bxd3 Nf4 21. Bf1
d5 22. exd5 e4 23. Nd4 N4xd5 24. Qa4 c5 25. Nc2 e3 26. fxe3 Bf5 27. c4 Bxc2 28.
Qxc2 Nxe3 29. Qd2 cxb4 30. Bd4 Qe6 31. Qxb4 Nc2 32. Qc3 Nxa1 33. Qxa1 Rc8 34.
h3 Ne8 35. Qa4 Nd6 36. c5 Nf5 37. Bf2 Ne3 38. Bd3 Rxc5 39. Qd4 Rd5 40. Qc3 Nf5
41. Qc2 Re5 42. Qc7 g6 43. Bc4 Qe7 44. Qc6 Re1+ 45. Bxe1 Qxe1+ 46. Kh2 Qg3+ 47.
Kg1 Qe1+ 48. Kh2 Qg3+ 49. Kg1 1/2-1/2

[Event "Cto Aragon  Equipos Pref Grupo I "]
[Site ""]
[Date "2018.03.24"]
[Round "9.50"]
[White "Alonso Blasco, Jose Miguel"]
[Black "Argueso Pascual, Jorge"]
[Result "1/2-1/2"]
[WhiteElo "1949"]
[BlackElo "1943"]
[PlyCount "0"]
[WhiteTeam "Las Fuentes"]
[BlackTeam "Monsalud-Soluzion"]
[EventDate "2018.01.27"]

1. e4 e5 2. Nf3 Nc6 3. Bb5 a6 4. Bxc6 dxc6 5. O-O Bd6 6. d4 exd4 7. Qxd4 f6 8.
e5 fxe5 9. Nxe5 Qf6 10. Re1 Ne7 11. Nd2 O-O 12. Ndf3 h6 13. Nc4 Qxd4 14. Nxd4
Nf5 15. Nf3 Bc5 16. Ne3 Nd4 17. Nxd4 Bxd4 18. c3 Bf6 19. h3 h5 20. Nf1 Bf5 21.
Ng3 Bg6 22. Be3 Rad8 23. Ne2 Rfe8 24. Rac1 Bf7 25. b3 Rd7 26. c4 Red8 27. Kf1
Bb2 28. Rc2 Bf6 29. Rcc1 Bb2 30. Rc2 Bf6 1/2-1/2

[Event "Cto Aragon  Equipos Pref Grupo I "]
[Site ""]
[Date "2018.03.24"]
[Round "9.51"]
[White "Miranda Herrera, Jorge Manuel"]
[Black "Morato Garcia, Jesus"]
[Result "0-1"]
[WhiteElo "1858"]
[BlackElo "1914"]
[PlyCount "0"]
[WhiteTeam "Monsalud-Soluzion"]
[BlackTeam "Las Fuentes"]
[EventDate "2018.01.27"]

1. e4 c5 2. g3 g6 3. Bg2 Bg7 4. Ne2 Nc6 5. O-O e6 6. c3 Nge7 7. d3 O-O 8. Be3
b6 9. Nd2 Bb7 10. f4 d5 11. exd5 Nxd5 12. Bf2 Qc7 13. Qc2 Rad8 14. Nf3 Ndb4 15.
cxb4 Nxb4 16. Qc1 Nxd3 17. Qc2 Ba6 18. Ne5 Bxe5 19. fxe5 Qxe5 20. Qa4 Nb4 21.
Rae1 Bxe2 22. Bf3 Rd2 23. Qxa7 Nd3 24. Rxe2 Rxe2 25. Bxe2 Qxe2 26. Qxb6 Ne5 27.
Qxc5 Nf3+ 28. Kg2 Qe4 29. Qe3 Ne1+ 30. Kh3 Qg2+ 31. Kg4 h5+ 32. Kf4 Qxf1 33.
Qxe1 Qxe1 34. Bxe1 Rc8 35. Ke4 Rc2 36. Bc3 Rxh2 37. a4 h4 38. a5 h3 39. Kf3 Rh1
40. g4 Rg1 41. Be5 Ra1 42. Bc7 Ra2 43. Kg3 Rxb2 44. Kxh3 Ra2 45. g5 Kf8 46. Kg4
Ke8 47. Kf4 Kd7 48. Bb6 Kd6 49. Ke4 Ra4+ 50. Kd3 Kc6 51. Kc3 Kb5 52. Bd8 Rg4
53. Kd3 Ra4 54. Kc3 Kc5 55. Bb6+ Kc6 56. Bd8 e5 57. Kb3 Kb5 58. Bc7 e4 59. Bb6
Ra1 60. Kb2 Rd1 61. Kc3 Rd3+ 62. Kc2 Rd5 63. Be3 Kxa5 64. Bf4 Kb4 65. Kc1 Kc4
66. Kc2 Rd3 0-1

[Event "Cto Aragon  Equipos Pref Grupo I "]
[Site ""]
[Date "2018.03.24"]
[Round "9.52"]
[White "Javierre Conesa, Alfonso"]
[Black "Soto Fidalgo, Guillermo"]
[Result "1/2-1/2"]
[WhiteElo "1898"]
[BlackElo "1809"]
[PlyCount "0"]
[WhiteTeam "Las Fuentes"]
[BlackTeam "Monsalud-Soluzion"]
[EventDate "2018.01.27"]

1. Nf3 d5 2. d4 Nf6 3. c4 c6 4. e3 Bg4 5. Nc3 e6 6. Be2 dxc4 7. Bxc4 Bb4 8. O-O
O-O 9. a3 Bd6 10. e4 Bc7 11. Bg5 Bxf3 12. gxf3 h6 13. Bh4 g5 14. Bg3 Nbd7 15.
e5 Nh5 16. Kh1 Nb6 17. Ba2 Nd5 18. Nxd5 exd5 19. Qd3 f5 20. exf6 Nxg3+ 21. fxg3
Qxf6 22. Rae1 Rae8 23. Bb1 Qg7 24. Kg2 Bb6 25. Rxe8 Rxe8 26. Rd1 Re7 27. b4 Qf6
28. a4 a6 29. b5 axb5 30. axb5 Qe6 31. bxc6 bxc6 32. Rd2 Qf6 33. Ra2 Ba7 34.
Rd2 Qg7 35. Re2 Rf7 36. Re8+ Rf8 37. Re6 Rf6 38. Re8+ Rf8 1/2-1/2

[Event "Cto Aragon Equipos Pref Grupo II"]
[Site ""]
[Date "2018.03.24"]
[Round "9.54"]
[White "Carruez Berges, Santiago"]
[Black "Zambrana Petisme, Ramiro"]
[Result "0-1"]
[WhiteElo "2026"]
[BlackElo "2066"]
[PlyCount "0"]
[WhiteTeam "Agrupacion B"]
[BlackTeam "Palacio de Pioneros B"]
[EventDate "2018.01.27"]

1. e4 c5 2. d4 cxd4 3. c3 dxc3 4. Nxc3 Nc6 5. Nf3 d6 6. Bc4 a6 7. O-O Nf6 8.
Be3 Bg4 9. Qb3 e6 10. Nd4 Qd7 11. Nxc6 bxc6 12. f3 Bh5 13. Na4 Qc7 14. Qb6 Qc8
15. Rac1 Be7 16. Qd4 Qb7 17. e5 dxe5 18. Qxe5 O-O 19. Rc3 Bd8 20. Bb3 Bc7 21.
Qg5 Bg6 22. Rfc1 Rac8 23. Nc5 Qa8 24. Bd4 Nd5 25. Bxd5 exd5 26. Nd7 f6 27. Qg4
Rf7 28. h4 f5 29. Qg5 Rxd7 30. h5 Bd8 31. Qg3 Bxh5 0-1

[Event "Cto Aragon Equipos Pref Grupo II"]
[Site ""]
[Date "2018.03.24"]
[Round "9.55"]
[White "Sacristan Latorre, Alberto"]
[Black "Martinez Asensio, Juan Miguel"]
[Result "1/2-1/2"]
[WhiteElo "2055"]
[BlackElo "2022"]
[PlyCount "0"]
[WhiteTeam "Palacio de Pioneros B"]
[BlackTeam "Agrupacion B"]
[EventDate "2018.01.27"]

1. e4 e5 2. Qh5 Nf6 3. Qxe5+ Be7 4. Bc4 O-O 5. Ne2 Nc6 6. Qf4 d5 7. exd5 Nb4 8.
Na3 Bd6 9. Qh4 Re8 10. O-O Re4 11. f4 Nxc2 12. Nxc2 Rxc4 13. Nc3 Bf5 14. Ne3
Bc5 15. Kh1 Bxe3 16. dxe3 Ne4 17. Qxd8+ Rxd8 18. Ne2 Rxd5 19. b3 Rc2 20. Nd4
Rf2 21. Rxf2 Nxf2+ 22. Kg1 Ne4 23. Bb2 g6 24. b4 c6 25. Rc1 Kf8 26. Nxf5 gxf5
27. Bd4 a6 28. Kf1 Ke8 29. Ke2 Kd7 30. Rc2 Kc7 31. h3 h5 32. Kf3 h4 33. Ke2 a5
34. a3 axb4 35. axb4 b6 36. Be5+ Kb7 37. Bc3 Ng3+ 38. Kf3 Rd6 39. Be1 Rg6 40.
Rd2 Kc7 41. Ra2 Kb7 42. Rd2 Kc7 43. Rd3 c5 44. bxc5 bxc5 45. Ba5+ Kc6 46. Bd8
f6 47. Be7 Ne4 48. Rd8 Rg3+ 49. Ke2 Rxg2+ 50. Kf1 Rg3 51. Rf8 Rxe3 52. Bxf6
Rxh3 53. Bg5 Kd5 54. Rxf5+ Kd4 55. Bf6+ Ke3 56. Kg2 Rg3+ 57. Kh2 Nf2 58. Bxh4
Rh3+ 59. Kg2 Rxh4 60. Rxc5 Rxf4 61. Rc3+ Ke4 62. Rc4+ Ke5 63. Rxf4 Kxf4 64.
Kxf2 1/2-1/2

[Event "Cto Aragon Equipos Pref Grupo II"]
[Site ""]
[Date "2018.03.24"]
[Round "9.56"]
[White "Larrosa Poves, Jose Manuel"]
[Black "Sacristan Latorre, Carlos"]
[Result "0-1"]
[WhiteElo "1953"]
[BlackElo "1637"]
[PlyCount "0"]
[WhiteTeam "Agrupacion B"]
[BlackTeam "Palacio de Pioneros B"]
[EventDate "2018.01.27"]

1. d4 Nf6 2. Nf3 g6 3. c4 Bg7 4. Nc3 d6 5. Bg5 O-O 6. e3 Nbd7 7. Be2 c6 8. Qc2
Qc7 9. O-O e5 10. Rfd1 Re8 11. dxe5 dxe5 12. b4 Nb6 13. Rab1 Be6 14. Nd2 Nfd7
15. e4 h6 16. Be3 f5 17. f3 f4 18. Bf2 g5 19. c5 Nc8 20. Bc4 Kh7 21. Qb3 Nf8
22. Bxe6 Rxe6 23. Nc4 Bf6 24. a4 h5 25. b5 a6 26. bxc6 bxc6 27. Qb7 Ra7 28.
Qxc7+ Rxc7 29. Nd6 Ne7 30. Ne8 Rc8 31. Nxf6+ Rxf6 32. Rb7 Re6 33. Rd6 Re8 34.
Nd5 cxd5 35. exd5 Rg6 36. Rxg6 Kxg6 37. c6 Nxd5 38. Ra7 Rc8 39. Rxa6 Ne6 40. c7
Ndxc7 41. Rc6 Kf7 42. a5 Ke7 0-1

[Event "Cto Aragon Equipos Pref Grupo II"]
[Site ""]
[Date "2018.03.24"]
[Round "9.57"]
[White "Rodes Apilluelo, Jose Maria"]
[Black "Oms Pallisse, Josep"]
[Result "0-1"]
[WhiteElo "1976"]
[BlackElo "2431"]
[PlyCount "0"]
[WhiteTeam "St Casablanca C"]
[BlackTeam "Monzon A"]
[EventDate "2018.01.27"]

1. e4 c5 2. d3 Nc6 3. g3 d5 4. Nd2 Nf6 5. Bg2 e6 6. Ngf3 Qc7 7. O-O Be7 8. Re1
b6 9. e5 Nd7 10. Qe2 Bb7 11. Nf1 h6 12. h3 O-O-O 13. c3 Kb8 14. b3 g5 15. N1h2
Nf8 16. Bb2 Ng6 17. d4 Rc8 18. Rec1 cxd4 19. cxd4 Qd7 20. Bf1 Nb4 21. a3 Ba6
22. Qd2 Bxf1 23. Nxf1 Nc6 24. Bc3 Rc7 25. Ne3 h5 26. b4 Rhc8 27. b5 Nd8 28. a4
Nb7 29. Bb2 f5 30. exf6 Bxf6 31. Ne5 Bxe5 32. dxe5 d4 0-1

[Event "Cto Aragon Equipos Pref Grupo II"]
[Site ""]
[Date "2018.03.24"]
[Round "9.58"]
[White "Barranco Mananet, Fernando"]
[Black "Alvarez Gonzalo, Miguel Angel"]
[Result "1-0"]
[WhiteElo "2026"]
[BlackElo "1825"]
[PlyCount "0"]
[WhiteTeam "Monzon A"]
[BlackTeam "St Casablanca C"]
[EventDate "2018.01.27"]

1. c4 Nf6 2. Nc3 e6 3. d4 Bb4 4. Bd2 O-O 5. Qc2 c5 6. e3 Nc6 7. dxc5 Bxc5 8. a3
a5 9. Nf3 d5 10. cxd5 exd5 11. Nb5 Qe7 12. Rc1 Bb6 13. Bc3 Bg4 14. Be2 Rad8 15.
Nfd4 Bxe2 16. Qxe2 Nxd4 17. Bxd4 Bxd4 18. Nxd4 Rfe8 19. O-O Qe5 20. Qb5 Ng4 21.
Nf3 Qh5 22. Qxa5 Rd6 23. Qb5 Rf8 24. Rfd1 Ne5 25. Nxe5 Qxe5 26. Rd4 b6 27. Rcd1
Rc8 28. Qd3 g6 29. b4 Rcd8 30. g3 Qh5 31. Rd2 Qe5 32. Qb5 Qe6 33. a4 Rc8 34.
Rxd5 Rc1+ 35. Kg2 Qe4+ 36. Kh3 h5 37. Rxd6 Rg1 38. f4 1-0

[Event "Cto Aragon Equipos Pref Grupo II"]
[Site ""]
[Date "2018.03.24"]
[Round "9.60"]
[White "Garreta Nieto, Maria"]
[Black "Lazaro Abadias, Andres"]
[Result "1-0"]
[WhiteElo "1734"]
[BlackElo "1478"]
[PlyCount "0"]
[WhiteTeam "Monzon A"]
[BlackTeam "St Casablanca C"]
[EventDate "2018.01.27"]

1. d4 d5 2. Nf3 c6 3. Bf4 Bf5 4. Nbd2 e6 5. e3 Bd6 6. Bg3 Bxg3 7. hxg3 Nd7 8.
c4 Qc7 9. Rc1 Ngf6 10. Qb3 Rc8 11. Bd3 Bxd3 12. Qxd3 Qa5 13. O-O O-O 14. Rc3 a6
15. Rfc1 Rfe8 16. a3 e5 17. dxe5 Nxe5 18. Qf5 dxc4 19. Nxe5 Qxe5 20. Qxe5 Rxe5
21. Nxc4 Re7 22. Rd3 Rd7 23. Rcd1 Rcd8 24. Rxd7 Rxd7 25. Rxd7 Nxd7 26. Na5 Nb6
27. b3 c5 28. Kf1 Kf8 29. e4 Ke7 30. Ke2 Kd7 31. Nxb7 c4 32. bxc4 Nxc4 33. Nc5+
Kd6 34. Nxa6 Nxa3 35. Nb4 Ke5 36. f3 Nc4 37. Kd3 Nb2+ 38. Ke3 Nc4+ 39. Kd3 Nb2+
40. Ke3 Nd1+ 41. Kd2 Nb2 42. Nd3+ Nxd3 43. Kxd3 g5 44. Ke3 h6 45. f4+ Ke6 46.
Kf3 f5 47. exf5+ Kxf5 48. g4+ Kf6 49. f5 Ke5 50. Ke3 h5 51. gxh5 Kxf5 52. g4+
Ke5 53. Kd3 Kf6 54. Kd4 Ke6 55. Ke4 Kf6 56. Kd5 Kf7 57. Ke5 Kg7 58. Kf5 Kh6 59.
Kf6 1-0

[Event "Cto Aragon Equipos Pref Grupo II"]
[Site ""]
[Date "2018.03.24"]
[Round "9.62"]
[White "Jimenez Fernandez, Alejandro"]
[Black "Lebron Duran, Jose Maria"]
[Result "1-0"]
[WhiteElo "1965"]
[BlackElo "1835"]
[PlyCount "0"]
[WhiteTeam "Ibercaja B"]
[BlackTeam "Dr. Azua"]
[EventDate "2018.01.27"]

1. d4 d5 2. c4 e5 3. dxe5 d4 4. Nf3 Nc6 5. g3 Nge7 6. Bg2 Ng6 7. O-O Ngxe5 8.
b3 Nxf3+ 9. Bxf3 Be7 10. Bb2 Bf6 11. Nd2 g6 12. Bxc6+ bxc6 13. Ne4 Bg7 14. e3
O-O 15. Bxd4 Bf5 16. Bxg7 Kxg7 17. Qxd8 Rfxd8 18. Nc3 Rd3 19. Rac1 Rad8 20. Kg2
h5 21. Rcd1 Bg4 22. Rxd3 Rxd3 23. Nb1 a5 24. f3 Be6 25. Kf2 a4 26. Ke2 Rd8 27.
Nc3 axb3 28. axb3 Rb8 29. Rb1 Rxb3 30. Kd3 Rxb1 31. Nxb1 Kf6 32. Kd4 Ke7 33.
Nd2 Kd6 34. Ne4+ Ke7 35. Nc5 Bc8 36. Nd3 Kd6 37. e4 Bb7 38. f4 Bc8 39. e5+ Ke7
40. Kc5 Bb7 41. h3 f6 42. Kd4 Bc8 43. Nf2 fxe5+ 44. Kxe5 Be6 45. c5 Bd5 46. f5
g5 47. f6+ Kf7 48. Kf5 h4 49. g4 1-0

[Event "Cto Aragon Equipos Pref Grupo II"]
[Site ""]
[Date "2018.03.24"]
[Round "9.63"]
[White "Garcia Garcia, Enrique"]
[Black "Millan Martin, Alfonso"]
[Result "1/2-1/2"]
[WhiteElo "1726"]
[BlackElo "1931"]
[PlyCount "0"]
[WhiteTeam "Dr. Azua"]
[BlackTeam "Ibercaja B"]
[EventDate "2018.01.27"]

1. d4 d5 2. Nf3 Nf6 3. c4 c6 4. Nc3 e6 5. Bg5 Nbd7 6. e3 Be7 7. cxd5 Nxd5 8.
Bxe7 Qxe7 9. e4 Nxc3 10. bxc3 e5 11. Bd3 O-O 12. O-O exd4 13. cxd4 Nf6 14. Qc2
h6 15. h3 Rd8 16. Rad1 Be6 17. Rfe1 Rac8 18. Qb2 Qc7 19. Ne5 Qb6 20. Qxb6 axb6
21. Bc4 b5 22. Bb3 Bxb3 23. axb3 Ra8 24. Nf3 Ra3 25. Rd3 Kf8 26. Ree3 Ra1+ 27.
Kh2 Ra2 28. Kg1 Ra1+ 29. Kh2 Ra2 30. Kg1 1/2-1/2

[Event "Cto Aragon Equipos Pref Grupo II"]
[Site ""]
[Date "2018.03.24"]
[Round "9.64"]
[White "Villalba Embid, Marcos"]
[Black "Muro Guerrero, Miguel"]
[Result "1/2-1/2"]
[WhiteElo "1874"]
[BlackElo "1701"]
[PlyCount "0"]
[WhiteTeam "Ibercaja B"]
[BlackTeam "Dr. Azua"]
[EventDate "2018.01.27"]

1. e4 e5 2. Nf3 Nc6 3. d4 exd4 4. Nxd4 Nf6 5. Nxc6 bxc6 6. e5 Qe7 7. Qe2 Nd5 8.
c4 Ba6 9. b3 g5 10. g3 Bg7 11. Bb2 O-O 12. Bg2 Rae8 13. O-O Bxe5 14. Bxe5 f6
15. Qb2 Qxe5 16. Qxe5 Rxe5 17. cxd5 Bxf1 18. Kxf1 cxd5 19. Nc3 d4 20. Nd5 c6
21. Nb4 Rfe8 22. Nd3 Re2 23. Re1 Rxe1+ 24. Nxe1 Kf7 25. Nd3 a5 26. Nb2 d5 27.
Bf3 Ke6 28. Ke2 Kd6+ 29. Kd2 c5 30. Be2 Rb8 31. Kc2 1/2-1/2

[Event "Cto Aragon Equipos Pref Grupo II"]
[Site ""]
[Date "2018.03.24"]
[Round "9.65"]
[White "Fabre Perez, Jose Maria"]
[Black "Veras Sanz, Marino"]
[Result "0-1"]
[WhiteElo "1943"]
[BlackElo "2090"]
[PlyCount "0"]
[WhiteTeam "Marcos Frechin B"]
[BlackTeam "El Olivar B"]
[EventDate "2018.01.27"]

1. c4 c5 2. Nc3 Nc6 3. g3 g6 4. Bg2 Bg7 5. a3 Nf6 6. Rb1 a5 7. Nh3 O-O 8. Nf4
d6 9. O-O e5 10. Nfd5 Be6 11. d3 Bxd5 12. Nxd5 Nxd5 13. Bxd5 Qc7 14. Bd2 a4 15.
Bc3 Ne7 16. Bg2 Ra7 17. Qd2 Rb8 18. f4 b5 19. cxb5 d5 20. b6 Qxb6 21. Bxe5 Bxe5
22. fxe5 Qe6 23. Qc3 Rab7 24. Rf6 Qg4 25. Qxc5 Qxe2 26. Bxd5 Rxb2 27. Rxb2 Rxb2
28. Bxf7+ Kg7 29. Rf2 Qxf2+ 30. Qxf2 Rxf2 31. Kxf2 Kxf7 32. Ke3 Ke6 33. Ke4 Nd5
34. Kd4 h6 35. h3 g5 36. h4 gxh4 37. gxh4 h5 38. Kc5 Kxe5 39. d4+ Ke4 40. Kc4
Ne7 41. Kb4 Kxd4 42. Kxa4 Kc4 43. Ka5 Kc5 44. Ka6 Kc6 45. a4 Nf5 46. Ka7 Nxh4
47. a5 Nf5 48. a6 Nd6 0-1

[Event "Cto Aragon Equipos Pref Grupo II"]
[Site ""]
[Date "2018.03.24"]
[Round "9.66"]
[White "Bailo Remacha, Santiago"]
[Black "Gaspar Calvo, Luis Alberto"]
[Result "0-1"]
[WhiteElo "1982"]
[BlackElo "1915"]
[PlyCount "0"]
[WhiteTeam "El Olivar B"]
[BlackTeam "Marcos Frechin B"]
[EventDate "2018.01.27"]

1. c4 e5 2. b3 Nc6 3. Bb2 f5 4. Nc3 Nf6 5. g3 Bc5 6. Bg2 O-O 7. e3 Nb4 8. d3 f4
9. Na4 fxe3 10. f4 d6 11. fxe5 Ng4 12. Nh3 Nf2 13. Nxf2 Rxf2 14. Be4 Nc2+ 15.
Qxc2 Rxc2 16. d4 Bb4+ 17. Kd1 Rd2+ 18. Kc1 dxe5 19. d5 Qg5 20. h4 Qg4 21. Bc2
Rxc2+ 22. Kxc2 Qe4+ 0-1

[Event "Cto Aragon Equipos Pref Grupo II"]
[Site ""]
[Date "2018.03.24"]
[Round "9.67"]
[White "Ruiperez Gumiel, Ramon"]
[Black "Requena Munguira, Jorge"]
[Result "0-1"]
[WhiteElo "1845"]
[BlackElo "1907"]
[PlyCount "0"]
[WhiteTeam "Marcos Frechin B"]
[BlackTeam "El Olivar B"]
[EventDate "2018.01.27"]

1. e4 c5 2. b4 d6 3. bxc5 dxc5 4. Nf3 Nc6 5. Bb5 Bd7 6. O-O Nd4 7. Bxd7+ Qxd7
8. Bb2 g6 9. c3 Nxf3+ 10. Qxf3 Qb5 11. c4 Qxb2 12. Nc3 Qb6 13. Nd5 Qc6 14. Rab1
Bg7 15. e5 Kf8 16. d4 e6 17. dxc5 Nh6 18. g4 Rd8 19. Rfd1 Bxe5 20. Qh3 Nxg4 21.
Qxg4 exd5 22. Qg5 Bf6 23. Qh6+ Bg7 24. Qg5 f6 25. Qg2 Rd7 26. cxd5 Qxc5 27.
Rbc1 Qd6 28. Qh3 Kf7 29. Re1 Rhd8 30. Rcd1 Qf4 31. Qe6+ Kf8 32. d6 Qf5 33. Qe2
h5 34. Rd3 Qg4+ 35. Qxg4 hxg4 36. Red1 Kf7 37. Rb3 b6 38. Rbd3 f5 39. h3 gxh3
40. Kh2 Rxd6 0-1

[Event "Cto Aragon Equipos Pref Grupo II"]
[Site ""]
[Date "2018.03.24"]
[Round "9.68"]
[White "Arinez Bruna, Octavio"]
[Black "Obon Zuniga, Francisco"]
[Result "1-0"]
[WhiteElo "1906"]
[BlackElo "1796"]
[PlyCount "0"]
[WhiteTeam "El Olivar B"]
[BlackTeam "Marcos Frechin B"]
[EventDate "2018.01.27"]

1. Nf3 d5 2. c4 e6 3. b3 Nf6 4. Bb2 Nbd7 5. Nc3 Be7 6. e3 O-O 7. Qc2 b6 8. g3
Bb7 9. Bg2 Re8 10. O-O c5 11. cxd5 exd5 12. Rac1 Rc8 13. Rfd1 Bf8 14. d4 g6 15.
Qb1 Bg7 16. Nb5 Qe7 17. Nxa7 Ra8 18. Nb5 Ne4 19. Nc7 Nxf2 20. Re1 Ne4 21. Nxe8
Rxe8 22. dxc5 Bxb2 23. Qxb2 Ndxc5 24. Qd4 Ra8 25. Rc2 Nd6 26. Bh3 Nb5 27. Qe5
Qf8 28. Bf1 Re8 29. Qb2 Nd6 30. Nd4 Qh6 31. Qc1 Nde4 32. b4 Ne6 33. Nxe6 Rxe6
34. Rc7 Nd6 35. Rxb7 Nc4 36. Bxc4 1-0